Harmonizácia účtovných výkazov európskych malých a stredných podnikov
Význam harmonizácie účtovných výkazov malých a stredných podnikov. Koncept harmonizácie účtovných výkazov podľa IASB. Koncepcie a východiskové pravidlá IFRS SME. Návrh Medzinárodného štandardu pre finančné vykazovanie pre malé a stredné podniky Rady pre medzinárodné účtovné štandardy. Výkazy účtovn...
Uložené v:
| Hlavný autor: | |
|---|---|
| Ďalší autori: | |
| Médium: | Kapitola |
| Jazyk: | Slovak |
| Predmet: | |
| Tagy: |
Žiadne tagy, Buďte prvý, kto otaguje tento záznam!
|
MARC
| LEADER | 00000naa$a2200000$$$4500 | ||
|---|---|---|---|
| 001 | 0082936 | ||
| 005 | 20240613080722.1 | ||
| 041 | 0 | |a slo | |
| 044 | |a SK | ||
| 245 | 1 | 0 | |a Harmonizácia účtovných výkazov európskych malých a stredných podnikov |c Elena Fetisovová, Ladislav Nagy |
| 520 | |a Význam harmonizácie účtovných výkazov malých a stredných podnikov. Koncept harmonizácie účtovných výkazov podľa IASB. Koncepcie a východiskové pravidlá IFRS SME. Návrh Medzinárodného štandardu pre finančné vykazovanie pre malé a stredné podniky Rady pre medzinárodné účtovné štandardy. Výkazy účtovnej závierky podľa IFRS SME. | ||
| 610 | 2 | 0 | |a podnik malý |
| 610 | 2 | 0 | |a podnik stredný |
| 610 | 2 | 0 | |a harmonizácia |
| 610 | 2 | 0 | |a výkazy finančné |
| 610 | 2 | 0 | |a výkazy účtovné |
| 610 | 2 | 0 | |a Európska únia |
| 610 | 2 | 0 | |a Slovensko |
| 610 | 2 | 0 | |a pravidlá účtovné |
| 100 | 1 | |a Fetisovová, Elena | |
| 700 | 1 | |a Nagy, Ladislav | |